| 000 | 00835nam a2200265 a 4500 | ||
|---|---|---|---|
| 008 | |||
| 020 | _a0631181881 (cased) | ||
| 049 | _aMAIN | ||
| 090 | _aHG3881 | ||
| 100 | 1 | _aSwary, Itzhak. | |
| 245 | 1 | 0 |
_aGlobal financial deregulation : _bcommercial banking at the crossroads / _cItzhak Swary and Barry Topf. |
| 260 |
_aOxford : _bBlackwell Finance, _c1992. |
||
| 300 |
_aviii, 510 p. ; _c24 cm. |
||
| 504 | _aIncludes bibliographical references. | ||
| 500 | _aIncludes index. | ||
| 650 | 0 | _aBanks and banking, International. | |
| 650 | 0 | _aFinancial services industry. | |
| 650 | 0 |
_aBanks and banking _xDeregulation. |
|
| 700 | 1 | _aTopf, Barry. | |
| 907 |
_a.b10006825 _b20-07-04 _c17-04-03 |
||
| 003 | |||
| 005 | 20230123133622.0 | ||
| 040 | _cNUST | ||
| 942 |
_cBOOKS _kHG3881 |
||
| 999 |
_c151732 _d151732 |
||